|
|
|
|
| LEADER |
04583nam a2200517 4500 |
| 001 |
ocn757486959 |
| 003 |
OCoLC |
| 005 |
20170124071703.5 |
| 006 |
m o d |
| 007 |
cr cn||||||||| |
| 008 |
111018s2011 njua ob 101 0 eng d |
| 040 |
|
|
|a DG1
|b eng
|c DG1
|d MYG
|d YDXCP
|d OCLCQ
|d OCLCF
|d OCLCA
|d OCL
|d OCLCQ
|d DEBBG
|d GrThAP
|
| 020 |
|
|
|a 9781118095348
|q (electronic bk.)
|
| 020 |
|
|
|a 1118095340
|q (electronic bk.)
|
| 029 |
1 |
|
|a AU@
|b 000048489656
|
| 029 |
1 |
|
|a GBVCP
|b 790034298
|
| 029 |
1 |
|
|a NZ1
|b 14118221
|
| 029 |
1 |
|
|a DEBBG
|b BV043393569
|
| 035 |
|
|
|a (OCoLC)757486959
|
| 037 |
|
|
|a 10.1002/9781118095348
|b Wiley InterScience
|n http://www3.interscience.wiley.com
|
| 050 |
|
4 |
|a TP858
|b .A56 2011eb
|
| 082 |
0 |
4 |
|a 666/.1
|2 23
|
| 049 |
|
|
|a MAIN
|
| 111 |
2 |
|
|a Conference on Glass Problems
|n (71st :
|d 2010 :
|c Columbus, Ohio)
|
| 245 |
1 |
0 |
|a 71st Glass Problems Conference :
|b a collection of papers presented at the 71st Conference on Glass Problems, the Ohio State University, Columbus, Ohio October 19-20, 2010 /
|c edited by Charles H. Drummond.
|
| 264 |
|
1 |
|a Hoboken, N.J. :
|b Wiley,
|c 2011.
|
| 300 |
|
|
|a 1 online resource (xiii, 261 pages) :
|b illustrations
|
| 336 |
|
|
|a text
|b txt
|2 rdacontent
|
| 337 |
|
|
|a computer
|b c
|2 rdamedia
|
| 338 |
|
|
|a online resource
|b cr
|2 rdacarrier
|
| 504 |
|
|
|a Includes bibliographical references and index.
|
| 505 |
0 |
|
|a Glass Melting. Recent Developments of Batch and Cullet Preheating in Europe--Practical Experiences and Implications / Philipp Zippe -- Oxy-Fuel Conversion Reduces Fuel Consumption in Fiberglass Melting / John Rossi, Michael Habel, Kevin Lievre, Xiaoyi He, Matthew Watson -- Solar Glass Melting / Matthias Lindig -- Integrated Air Quality Control System for Float Glass Furnace / Michael Cheng, Nathan Blanton -- Glass Science, Defects, and Safety. Heavy Metal Issues ₆ In and Out of Glass / C Philip Ross -- A Look at the Chemical Strengthening Process: Alkali Aluminosilicate Glasses vs. Soda-Lime Glass / Sinue Gomez, Matthew J Dejneka, Adam J Ellison, Katherine R Rossington -- Studying Bubble Glass Defects that are Caused by Refractory Materials / Jiri Ullrich, Erik Muijsenberg -- Analysis of Cord and Stones in Glass / Henry Dimmick, Neal Nichols, Gary Smay -- ₃Cat Scratch₄ Cord Dispersal / Les Gaskell -- Tools Used to Improve Operational Safety in Johns Manville Glass Plants / Noel Camp, Johns Manville -- Refractories and Recycling. Extra Clear Glass Refractory Selection: A Follow Up / L Massard, M Gaubil, J Poiret -- Refractory Issues and Glass Processing and Preventative Solutions / Paul Myers -- Fuel Savings with High Emissivity Coatings / Tom Kleeb, Bill Fausey -- Regenerator Temperature Modeling for Proper Refractory Selection / Elias Carrillo, Mathew Wheeler -- Thinking Green: Recycling in the Refractory Industry / Werner Odreitz, Matt Wheeler -- Recycling of Post-Consumer Glass: Energy Savings, CO Emission Reduction, Effects on Glass Quality and Glass Melting / Ruud Beerkens, Goos Kers, Engelbert van Santen -- Characterization and Improvement of GOB Delivery Systems / Braden McDermott, Xu Ding, Jonathan Simon -- Controls and Raw Materials. Model Based Process Control for Glass Furnace Operation / Piet van Santen, Leo Huisman, Sander van Deelen -- Taking Full Benefit of Oxygen Sensors and Automatic Control / Peter Hemmann -- Flue Gas Treatment in the Glass Industry: Dry Process and Calcium-Based Sorbents / Amandine Gambin, Xavier Pettiau -- To Wet or Not to Wet 'That is the Question' Part A / Douglas H Davis, Christopher J Hoyle -- A Historical Perspective on Silica and the Glass Industry in the USA / Paul F Guttmann.
|
| 520 |
|
|
|a This issue contains a collection of papers presented at the 71st Conference on Glass Problems, October 19-20, 2010 at The Ohio State University, Columbus, Ohio. Topics include glass melting; glass science, defects; safety; refractories; recycling; controls; and raw materials.
|
| 588 |
0 |
|
|a Print version record.
|
| 650 |
|
0 |
|a Glass manufacture
|v Congresses.
|
| 650 |
|
0 |
|a Glass
|x Defects
|v Congresses.
|
| 650 |
|
0 |
|a Glass melting
|v Congresses.
|
| 650 |
|
7 |
|a Glass
|x Defects.
|2 fast
|0 (OCoLC)fst00943036
|
| 650 |
|
7 |
|a Glass manufacture.
|2 fast
|0 (OCoLC)fst00943191
|
| 650 |
|
7 |
|a Glass melting.
|2 fast
|0 (OCoLC)fst00943210
|
| 655 |
|
4 |
|a Electronic resource.
|
| 655 |
|
7 |
|a Conference papers and proceedings.
|2 fast
|0 (OCoLC)fst01423772
|
| 700 |
1 |
|
|a Drummond, Charles H.
|q (Charles Henry)
|
| 710 |
2 |
|
|a Wiley InterScience (Online service)
|
| 856 |
4 |
0 |
|u https://doi.org/10.1002/9781118095348
|z Full Text via HEAL-Link
|
| 994 |
|
|
|a 92
|b DG1
|